Optimization Foundations and Applications (Record no. 610898)

000 -LEADER
fixed length control field 00365nam a22001337a 4500
020 ## - INTERNATIONAL STANDARD BOOK NUMBER
International Standard Book Number 0471351695
040 ## - CATALOGING SOURCE
Transcribing agency NUST
082 ## - DEWEY DECIMAL CLASSIFICATION NUMBER
Classification number 519.3
Author Mark MIL
100 ## - MAIN ENTRY--PERSONAL NAME
Personal name Ronald E Miller
9 (RLIN) 125123
245 ## - TITLE STATEMENT
Title Optimization Foundations and Applications
260 ## - PUBLICATION, DISTRIBUTION, ETC.
Place of publication, distribution, etc. New York:
Name of publisher, distributor, etc. John Wiley & Sons,
Date of publication, distribution, etc. 2000.
650 ## - SUBJECT ADDED ENTRY--TOPICAL TERM
Source of heading or term Optimization Foundations and Applications
942 ## - ADDED ENTRY ELEMENTS (KOHA)
Source of classification or shelving scheme
Koha item type Book
Holdings
Withdrawn status Lost status Source of classification or shelving scheme Damaged status Not for loan Permanent Location Current Location Shelving location Date acquired Total Checkouts Full call number Barcode Date last seen Price effective from Koha item type
          College of Electrical & Mechanical Engineering (CEME) College of Electrical & Mechanical Engineering (CEME) General Stacks 08/13/2024   519.3 MIL CEME- 37584 08/13/2024 08/13/2024 Book
          College of Electrical & Mechanical Engineering (CEME) College of Electrical & Mechanical Engineering (CEME) General Stacks 08/13/2024   519.3 MIL CEME- 37585 08/13/2024 08/13/2024 Book
© 2023 Central Library, National University of Sciences and Technology. All Rights Reserved.